[Event "Gold-Cup2011"]
[Site "Meran"]
[Date "2011.04.30"]
[Round "1.1"]
[White "Lutz, Albert"]
[Black "Schencke, Günther"]
[Result "1-0"]
[WhiteElo "2166"]
[BlackElo "1857"]
[PlyCount "41"]
[EventDate "2011.??.??"]

1. Nf3 d5 2. d4 Nf6 3. g3 e6 4. Bg2 Bd6 5. O-O O-O 6. c4 c6 7. Nc3 Nbd7 8. Qc2
b6 9. cxd5 cxd5 10. Nb5 Bb8 11. Qc6 Ba6 12. Qxa8 Bxb5 13. Bg5 Bxe2 14. Rfe1 Ba6
15. Qc6 Qe7 16. Rac1 Rc8 17. Qxc8+ Bxc8 18. Rxc8+ Nf8 19. Rxb8 h6 20. Bxf6 gxf6
21. Rc1 1-0

[Event "Gold-Cup2011"]
[Site "Meran"]
[Date "2011.04.30"]
[Round "1.2"]
[White "Koch, Dieter"]
[Black "Bondick, Karl-Heinz"]
[Result "0-1"]
[WhiteElo "1839"]
[BlackElo "2155"]
[PlyCount "66"]
[EventDate "2011.??.??"]

1. d4 d5 2. e3 c5 3. c3 Nf6 4. Bd3 Nc6 5. f4 Bg4 6. Nf3 e6 7. O-O h5 8. Qe1 Bf5
9. Bxf5 exf5 10. Ne5 Bd6 11. Nd2 Qb6 12. Qg3 g6 13. a3 a5 14. Kh1 h4 15. Qe1 a4
16. Rf3 Be7 17. Rh3 Ng4 18. Ndf3 Ncxe5 19. Nxe5 Nxe5 20. fxe5 Rh5 21. Rf3 Qb3
22. Qf1 Kd7 23. Rf2 Ke6 24. Bd2 Ra6 25. Rd1 Bg5 26. e4 dxe4 27. d5+ Kxe5 28. c4
Bxd2 29. Rfxd2 Rd6 30. Qe1 h3 31. Rd3 hxg2+ 32. Kg1 Qxc4 33. Rc3 Qf1+ 0-1

[Event "Gold-Cup2011"]
[Site "Meran"]
[Date "2011.04.30"]
[Round "1.3"]
[White "Graf, Joachim"]
[Black "Kumeth, Hartmut"]
[Result "1-0"]
[WhiteElo "2103"]
[BlackElo "1825"]
[PlyCount "87"]
[EventDate "2011.??.??"]

1. d4 Nf6 2. Nf3 d5 3. c4 e6 4. e3 Be7 5. Nbd2 O-O 6. Bd3 dxc4 7. Nxc4 c5 8.
O-O Nc6 9. dxc5 Bxc5 10. a3 b5 11. Nce5 Nxe5 12. Nxe5 Qb6 13. Qe2 a6 14. b4 Be7
15. Bb2 Rd8 16. Bd4 Rxd4 17. exd4 Qxd4 18. Qf3 Qd5 19. Rac1 Qxf3 20. Nxf3 Bb7
21. Rc7 Bxf3 22. Rxe7 Kf8 23. Rc7 Bd5 24. Rfc1 Ne8 25. Rc8 Ra7 26. f3 f5 27.
Kf2 Ke7 28. Ke3 g5 29. g3 h5 30. h4 gxh4 31. gxh4 Rd7 32. Be2 Bb7 33. Rb8 Nf6
34. Rh8 Kd6 35. Rd1+ Nd5+ 36. Kf2 Ke5 37. Rxh5 Rc7 38. Rh8 Rc2 39. Rd8 Rc3 40.
Rd3 Rc2 41. h5 f4 42. h6 Nf6 43. Rd2 1-0

[Event "Gold-Cup2011"]
[Site "Meran"]
[Date "2011.04.30"]
[Round "1.9"]
[White "Stratmann, Dietrich"]
[Black "Neumann, Han"]
[Result "1/2-1/2"]
[WhiteElo "1740"]
[BlackElo "1950"]
[PlyCount "42"]
[EventDate "2011.??.??"]

1. d4 f5 2. e4 fxe4 3. Nc3 Nf6 4. Bg5 Nc6 5. d5 Ne5 6. Qd4 Nf7 7. Bxf6 exf6 8.
Qxe4+ Qe7 9. O-O-O Qxe4 10. Nxe4 Be7 11. h4 O-O 12. g3 d6 13. Bh3 f5 14. Nc3
Bd7 15. Nf3 Bf6 16. Nd4 Bxd4 17. Rxd4 Rae8 18. Kd2 Re5 19. f4 Re7 20. Re1 Rfe8
21. Rxe7 Rxe7 1/2-1/2

[Event "Gold-Cup2011"]
[Site "Meran"]
[Date "2011.04.30"]
[Round "1.10"]
[White "Reinke, Kurt"]
[Black "Neiss, Albrecht"]
[Result "1-0"]
[WhiteElo "1940"]
[BlackElo "1695"]
[PlyCount "37"]
[EventDate "2011.??.??"]

1. d4 d5 2. c4 c6 3. Nf3 Nf6 4. Nc3 a6 5. Bg5 Ne4 6. Nxe4 dxe4 7. Nd2 Qxd4 8.
g3 Bf5 9. Qb3 b5 10. Bg2 Nd7 11. Be3 Qe5 12. cxb5 cxb5 13. O-O g6 14. Bf4 Qd4
15. Rad1 Nc5 16. Qa3 e6 17. b4 Na4 18. Nxe4 Qxb4 19. Nf6+ 1-0

[Event "Gold-Cup2011"]
[Site "Meran"]
[Date "2011.04.30"]
[Round "1.13"]
[White "Meul, Willi"]
[Black "Thonig, Manfred"]
[Result "0-1"]
[WhiteElo "1899"]
[BlackElo "1664"]
[PlyCount "54"]
[EventDate "2011.??.??"]

1. d4 e6 2. Nf3 f5 3. c4 Nf6 4. Nc3 Bb4 5. a3 Bxc3+ 6. bxc3 Ne4 7. Qc2 b6 8. e3
Bb7 9. Be2 O-O 10. O-O d6 11. a4 a5 12. Nd2 Qg5 13. Nf3 Qh6 14. Ne1 Nd7 15. f3
Ng5 16. Qd2 Qg6 17. Bd3 Nf6 18. Kh1 Rad8 19. Bc2 c5 20. Rb1 Ba6 21. Rxb6 Bxc4
22. Rf2 h5 23. e4 Nf7 24. Qe3 fxe4 25. fxe4 Ng4 26. e5 Nxf2+ 27. Qxf2 Nxe5 0-1

[Event "Gold-Cup 2011"]
[Site "Meran"]
[Date "2011.05.01"]
[Round "2.1"]
[White "Marek, Herbert"]
[Black "Lutz, Albert"]
[Result "0-1"]
[WhiteElo "1919"]
[BlackElo "2166"]
[PlyCount "50"]
[EventDate "2011.??.??"]

1. d4 d5 2. c4 c6 3. Nc3 Nf6 4. e3 g6 5. Bd3 Bg7 6. Nf3 O-O 7. e4 dxe4 8. Nxe4
Nxe4 9. Bxe4 Bg4 10. Be3 f5 11. Bc2 f4 12. Bxg6 hxg6 13. Qb3 fxe3 14. Qxe3 Qa5+
15. Nd2 e5 16. Qg5 Bf5 17. h4 exd4 18. g4 Qe5+ 19. Kd1 Bf6 20. Qh6 Bxg4+ 21.
Kc1 Bh5 22. Rg1 Bg7 23. Rxg6 Bxg6 24. Qxg6 Nd7 25. Ne4 Nc5 0-1

[Event "Gold-Cup 2011"]
[Site "Meran"]
[Date "2011.05.01"]
[Round "2.3"]
[White "Klein, Reinhard"]
[Black "Graf, Joachim"]
[Result "1-0"]
[WhiteElo "1895"]
[BlackElo "2103"]
[PlyCount "41"]
[EventDate "2011.??.??"]

1. d4 d5 2. c4 e6 3. Nc3 Nf6 4. cxd5 exd5 5. Bg5 Be7 6. e3 h6 7. Bh4 O-O 8. Bd3
b6 9. Nf3 Bb7 10. O-O c5 11. Rc1 Ne4 12. Bxe7 Qxe7 13. Ne5 Na6 14. Nxd5 Bxd5
15. Bxa6 Rfd8 16. Bc4 Bb7 17. Bxf7+ Kh7 18. Bg6+ Kg8 19. f3 Nf6 20. Bf7+ Kh7
21. Qc2+ 1-0

[Event "Gold-Cup 2011"]
[Site "Meran"]
[Date "2011.05.01"]
[Round "2.4"]
[White "Opitz, Christian"]
[Black "Braun, Eric"]
[Result "1-0"]
[WhiteElo "2007"]
[BlackElo "1862"]
[PlyCount "55"]
[EventDate "2011.??.??"]

1. e4 c5 2. Nf3 d6 3. d4 cxd4 4. Nxd4 Nf6 5. Bd3 Nc6 6. Nb3 e6 7. c4 Be7 8. Nc3
O-O 9. O-O a6 10. Be2 Qc7 11. Be3 b6 12. Rc1 Bb7 13. f3 Rfd8 14. Nd5 exd5 15.
cxd5 b5 16. Nd4 Qa5 17. dxc6 Bc8 18. c7 Rd7 19. Nc6 Qxa2 20. Nb8 Qe6 21. Nxd7
Bxd7 22. Qd2 a5 23. Rfd1 a4 24. Bf4 Ne8 25. e5 dxe5 26. Qxd7 Qb6+ 27. Kf1 Bh4
28. Bg3 1-0

[Event "Gold-Cup 2011"]
[Site "Meran"]
[Date "2011.05.01"]
[Round "2.5"]
[White "Segelken, Peter"]
[Black "Buchäckert, Jürgen"]
[Result "1/2-1/2"]
[WhiteElo "1861"]
[BlackElo "2002"]
[PlyCount "53"]
[EventDate "2011.??.??"]

1. e4 c5 2. Nf3 Nc6 3. d4 cxd4 4. Nxd4 Nf6 5. Nc3 e5 6. Ndb5 d6 7. Bg5 a6 8.
Na3 b5 9. Nd5 Be7 10. Nxe7 Nxe7 11. Bd3 d5 12. Bxf6 gxf6 13. exd5 Qxd5 14. Qf3
Qxf3 15. gxf3 f5 16. Rg1 Bb7 17. Be2 O-O-O 18. Rd1 Rxd1+ 19. Bxd1 Ng6 20. Nb1
e4 21. fxe4 Re8 22. f3 fxe4 23. fxe4 Bxe4 24. Kf2 Rd8 25. Re1 f5 26. Bf3 Bxf3
27. Kxf3 1/2-1/2

[Event "Gold-Cup 2011"]
[Site "Meran"]
[Date "2011.05.01"]
[Round "2.6"]
[White "Gerhards, Walter"]
[Black "Bauer, Dieter"]
[Result "1-0"]
[WhiteElo "1993"]
[BlackElo "1816"]
[PlyCount "49"]
[EventDate "2011.??.??"]

1. e4 g6 2. d4 c6 3. Nf3 Bg7 4. Bd3 d5 5. e5 Bg4 6. h3 Bxf3 7. Qxf3 e6 8. O-O
Nd7 9. Re1 Qb6 10. c3 Bh6 11. Bxh6 Nxh6 12. b3 Nf5 13. Nd2 O-O 14. b4 a5 15. a3
Ra7 16. Nb3 axb4 17. axb4 Rfa8 18. Rxa7 Rxa7 19. Bxf5 gxf5 20. Qg3+ Kh8 21. Qg5
Nf8 22. Re3 Ng6 23. h4 f4 24. Rf3 Ra8 25. h5 1-0

[Event "Gold-Cup 2011"]
[Site "Meran"]
[Date "2011.05.01"]
[Round "2.13"]
[White "Goldie, Thomas"]
[Black "Koch, Dieter"]
[Result "1-0"]
[WhiteElo "1486"]
[BlackElo "1839"]
[PlyCount "97"]
[EventDate "2011.??.??"]

1. e4 e5 2. Nf3 Qe7 3. Nc3 c6 4. Bc4 d6 5. O-O h6 6. d4 Nd7 7. dxe5 dxe5 8. Be3
g5 9. Qe2 Qf6 10. Kh1 Ne7 11. Rad1 Ng6 12. Rd2 Be7 13. Rfd1 Nf4 14. Bxf4 gxf4
15. Bb3 Nc5 16. Qc4 Nxb3 17. Qxb3 Rb8 18. Qa4 O-O 19. Qxa7 Bg4 20. Qb6 h5 21.
h3 Kg7 22. Kg1 Rh8 23. hxg4 hxg4 24. Nxe5 Qh4 25. f3 Qh1+ 26. Kf2 g3+ 27. Ke2
Qxg2+ 28. Kd3 Rhd8+ 29. Nd5 Qh3 30. Kc3 cxd5 31. exd5 Rd6 32. Qg1 Qc8+ 33. Kb3
Qc7 34. a3 Rb6+ 35. Ka2 Bf6 36. d6 Qd8 37. Nc4 Ra6 38. Qc5 b5 39. Ne5 b4 40.
Qc4 Ra7 41. Nc6 bxa3 42. b3 Qb6 43. Nxb8 Qxb8 44. Qxf4 Qd8 45. Qxg3+ Bg5 46. d7
Qf6 47. Qxg5+ Qxg5 48. d8=Q Re7 49. Qd4+ 1-0

[Event "Gold-Cup 2011"]
[Site "Meran"]
[Date "2011.05.02"]
[Round "3.1"]
[White "Lutz, Albert"]
[Black "Gerhards, Walter"]
[Result "1-0"]
[WhiteElo "2166"]
[BlackElo "1993"]
[PlyCount "65"]
[EventDate "2011.??.??"]

1. e4 e5 2. Nc3 Nc6 3. g3 Bc5 4. Nf3 Nf6 5. Nxe5 Bxf2+ 6. Kxf2 Nxe5 7. d4 Neg4+
8. Kg2 d5 9. h3 Nh6 10. e5 Nfg8 11. Bd3 Be6 12. Ne2 Qd7 13. Nf4 Bf5 14. Qf3
O-O-O 15. Rf1 Ne7 16. g4 Bxd3 17. Nxd3 Ng6 18. Kh1 Rhf8 19. Bg5 Rde8 20. Nc5
Qc6 21. Bxh6 gxh6 22. Qf5+ Kd8 23. Rf2 b6 24. Nd3 Re6 25. Raf1 Qd7 26. Qh5 Qe7
27. Rf6 c5 28. c3 a5 29. Qxh6 c4 30. Rxe6 fxe6 31. Rxf8+ Nxf8 32. Nf4 b5 33.
Qxf8+ 1-0

[Event "Gold-Cup 2011"]
[Site "Meran"]
[Date "2011.05.02"]
[Round "3.9"]
[White "Stratmann, Dietrich"]
[Black "Marek, Herbert"]
[Result "0-1"]
[WhiteElo "1740"]
[BlackElo "1919"]
[PlyCount "50"]
[EventDate "2011.??.??"]

1. d4 d5 2. Nf3 Nf6 3. e3 e6 4. Bd3 Nbd7 5. Nbd2 Be7 6. O-O a6 7. c4 dxc4 8.
Nxc4 b5 9. Nce5 Bb7 10. Qe2 c5 11. Rd1 c4 12. Bc2 Qc7 13. e4 Rd8 14. Nxd7 Nxd7
15. Be3 O-O 16. d5 exd5 17. exd5 Nf6 18. Bg5 Rfe8 19. Ne5 g6 20. f4 Nxd5 21.
Bxe7 Qxe7 22. Qg4 Ne3 23. Nxg6 fxg6 24. Rxd8 Nxg4 25. Rxe8+ Qxe8 0-1

[Event "Gold-Cup 2011"]
[Site "Meran"]
[Date "2011.05.02"]
[Round "3.12"]
[White "Bauer, Dieter"]
[Black "Goldie, Thomas"]
[Result "1/2-1/2"]
[WhiteElo "1816"]
[BlackElo "1486"]
[PlyCount "80"]
[EventDate "2011.??.??"]

1. c4 e6 2. g3 Nf6 3. Bg2 d5 4. b3 g6 5. Bb2 Bg7 6. e3 O-O 7. Ne2 c5 8. O-O Nc6
9. cxd5 exd5 10. d4 Nd7 11. Bxd5 cxd4 12. exd4 Nb6 13. Bg2 Nd5 14. Nbc3 Be6 15.
Ne4 b6 16. Qd2 a5 17. Rfc1 Rc8 18. Ba3 Ncb4 19. Rxc8 Qxc8 20. Rc1 Qd7 21. Bxb4
Nxb4 22. a3 Nd5 23. Qc2 Rc8 24. Qxc8+ Qxc8 25. Rxc8+ Bxc8 26. Ng5 Nf6 27. b4
Bf8 28. bxa5 bxa5 29. a4 Bd7 30. Nc3 h6 31. Nf3 Be6 32. Ne5 Bb4 33. Ne4 Nxe4
34. Bxe4 Bb3 35. Bc6 Bc3 36. Nf3 Bd1 37. Kg2 Bxf3+ 38. Kxf3 Bxd4 39. Ke2 Bc3
40. Kd3 Bb4 1/2-1/2

[Event "Gold-Cup 2011"]
[Site "Meran"]
[Date "2011.05.02"]
[Round "3.16"]
[White "Koch, Dieter"]
[Black "Neiss, Albrecht"]
[Result "1-0"]
[WhiteElo "1839"]
[BlackElo "1695"]
[PlyCount "45"]
[EventDate "2011.??.??"]

1. d4 d5 2. e3 e6 3. f4 Nf6 4. Nd2 c5 5. c3 Nc6 6. Bd3 Be7 7. Qf3 Qc7 8. Nh3
Bd7 9. a4 cxd4 10. exd4 h6 11. O-O O-O 12. Qe2 Rfe8 13. Nf3 Rad8 14. Ne5 a6 15.
Nf2 Qb8 16. Bd2 Na7 17. g4 Kf8 18. g5 Ng8 19. Qh5 g6 20. Bxg6 Kg7 21. Bxf7 Rf8
22. Qg6+ Kh8 23. Bxg8 1-0

[Event "Gold-Cup 2011"]
[Site "Meran"]
[Date "2011.05.02"]
[Round "4.1"]
[White "Opitz, Christian"]
[Black "Lutz, Albert"]
[Result "0-1"]
[WhiteElo "2007"]
[BlackElo "2166"]
[PlyCount "59"]
[EventDate "2011.??.??"]

1. e4 d6 2. d4 Nf6 3. Bd3 g6 4. Nf3 Bg7 5. O-O O-O 6. c3 Nc6 7. h3 e5 8. Re1 h6
9. Bb5 Nd7 10. dxe5 Ndxe5 11. Nxe5 dxe5 12. Bxc6 bxc6 13. Be3 Qxd1 14. Rxd1 Be6
15. Nd2 Rfb8 16. b4 a5 17. a3 Rd8 18. Nf3 Rxd1+ 19. Rxd1 axb4 20. axb4 f5 21.
Bc5 Kf7 22. Kf1 Bf6 23. Re1 f4 24. Rc1 Bc4+ 25. Ke1 Ra2 26. Nd2 Bd3 27. f3 Bh4+
28. Kd1 Be7 29. Bxe7 Kxe7 30. Nb3 0-1

[Event "Gold-Cup 2011"]
[Site "Meran"]
[Date "2011.05.02"]
[Round "4.2"]
[White "Klein, Reinhard"]
[Black "Reinke, Kurt"]
[Result "0-1"]
[WhiteElo "1895"]
[BlackElo "1940"]
[PlyCount "64"]
[EventDate "2011.??.??"]

1. d4 d5 2. c4 c6 3. Nc3 e6 4. Nf3 dxc4 5. e3 b5 6. a4 Bb4 7. Bd2 a5 8. b3 Bxc3
9. Bxc3 b4 10. Bb2 c3 11. Bc1 Nf6 12. Bd3 Ba6 13. Ne5 Qd5 14. O-O Bxd3 15. Nxd3
Nbd7 16. f3 c5 17. Nf4 Qd6 18. d5 e5 19. Ne2 Qxd5 20. Qc2 Qe6 21. Nxc3 bxc3 22.
Qxc3 O-O 23. e4 Rfb8 24. Ra3 Rb4 25. Rd1 Rd4 26. Bd2 Qb6 27. Rc1 Qd6 28. Bg5
Rd3 29. Qc2 Rb8 30. Bxf6 gxf6 31. Raa1 Qd4+ 32. Kf1 Rd2 0-1

[Event "Gold-Cup 2011"]
[Site "Meran"]
[Date "2011.05.02"]
[Round "4.5"]
[White "Marek, Herbert"]
[Black "Harsch, Martin"]
[Result "1/2-1/2"]
[WhiteElo "1919"]
[BlackElo "2042"]
[PlyCount "36"]
[EventDate "2011.??.??"]

1. d4 d5 2. c4 c6 3. Nc3 Nf6 4. e3 a6 5. Bd3 b5 6. cxb5 cxb5 7. Nge2 e6 8. a3
Bd6 9. e4 dxe4 10. Nxe4 Bb7 11. Nxd6+ Qxd6 12. Bf4 Qd5 13. f3 Nbd7 14. Rc1 e5
15. dxe5 Nxe5 16. Bb1 Qxd1+ 17. Rxd1 Nc4 18. Bc1 O-O 1/2-1/2

[Event "Gold-Cup 2011"]
[Site "Meran"]
[Date "2011.05.02"]
[Round "4.6"]
[White "Neumann, Han"]
[Black "Buchäckert, Jürgen"]
[Result "1/2-1/2"]
[WhiteElo "1950"]
[BlackElo "2002"]
[PlyCount "26"]
[EventDate "2011.??.??"]

1. e4 c5 2. Nc3 Nc6 3. f4 g6 4. Nf3 Bg7 5. Bc4 e6 6. f5 Nge7 7. fxe6 dxe6 8. d3
O-O 9. O-O Nd4 10. Bg5 h6 11. Bh4 a6 12. a4 Qd6 13. e5 Nxf3+ 1/2-1/2

[Event "Gold-Cup 2011"]
[Site "Meran"]
[Date "2011.05.02"]
[Round "4.10"]
[White "Kumeth, Hartmut"]
[Black "Goldie, Thomas"]
[Result "1/2-1/2"]
[WhiteElo "1825"]
[BlackElo "1486"]
[PlyCount "56"]
[EventDate "2011.??.??"]

1. b3 e5 2. Bb2 Nc6 3. d3 d5 4. Nf3 Bd6 5. Nbd2 Nf6 6. g3 h6 7. Bg2 Be6 8. e4
d4 9. a3 b5 10. c3 dxc3 11. Bxc3 Nd7 12. Qc2 b4 13. axb4 Nxb4 14. Bxb4 Bxb4 15.
O-O c5 16. Nc4 Bxc4 17. bxc4 O-O 18. Bh3 Re8 19. Qb2 f6 20. Nh4 Nf8 21. Qe2 Kh7
22. Qf3 a5 23. Bf5+ g6 24. Qh5 gxf5 25. Qf7+ Kh8 26. Nxf5 Ne6 27. Nh4 Nf8 28.
Nf5 Ne6 1/2-1/2

[Event "Gold-Cup 2011"]
[Site "Meran"]
[Date "2011.05.02"]
[Round "4.12"]
[White "Thonig, Manfred"]
[Black "Koch, Dieter"]
[Result "0-1"]
[WhiteElo "1664"]
[BlackElo "1839"]
[PlyCount "62"]
[EventDate "2011.??.??"]

1. e4 e5 2. Bc4 Qe7 3. Nc3 c6 4. Nf3 d6 5. O-O h6 6. d4 Nd7 7. Be3 g5 8. dxe5
dxe5 9. h3 Ngf6 10. Bxg5 hxg5 11. Nxg5 Rh7 12. Nxh7 Nxh7 13. Qh5 Ndf6 14. Qe2
Bh6 15. Rad1 Bd7 16. f3 Nh5 17. Rxd7 Qxd7 18. Rd1 Qe7 19. Qf2 Nf4 20. h4 Nf8
21. a3 N8g6 22. Nb5 cxb5 23. Bxb5+ Kf8 24. Rd7 Qf6 25. Qc5+ Kg7 26. Bc4 Ne6 27.
Bxe6 Qxe6 28. Qc7 Be3+ 29. Kf1 Nf4 30. c4 Bb6 31. Qxb7 Qxc4+ 0-1

[Event "Gold-Cup 2011"]
[Site "Meran"]
[Date "2011.05.03"]
[Round "5.1"]
[White "Lutz, Albert"]
[Black "Reinke, Kurt"]
[Result "0-1"]
[WhiteElo "2166"]
[BlackElo "1940"]
[PlyCount "70"]
[EventDate "2011.??.??"]

1. e4 c5 2. Nf3 d6 3. d3 Nc6 4. Nbd2 g6 5. g3 Bg7 6. Bg2 Nh6 7. O-O O-O 8. c3
f5 9. Nh4 f4 10. Ndf3 e5 11. gxf4 exf4 12. Re1 g5 13. Nf5 Nxf5 14. exf5 g4 15.
Nd2 f3 16. Bf1 Bxf5 17. Qb3+ d5 18. Qxb7 Qf6 19. Nb3 Rab8 20. Qc7 Rbc8 21. Qf4
Ne5 22. d4 Ng6 23. Qg5 c4 24. Qxf6 Bxf6 25. Nc5 Rfe8 26. Bd2 h5 27. b3 cxb3 28.
axb3 h4 29. Rxe8+ Rxe8 30. Rxa7 h3 31. b4 Nh4 32. b5 Re2 33. b6 g3 34. fxg3 f2+
35. Kh1 Re1 0-1

[Event "Gold-Cup 2011"]
[Site "Meran"]
[Date "2011.05.03"]
[Round "5.12"]
[White "Stratmann, Dietrich"]
[Black "Weber, Gerhard"]
[Result "1-0"]
[WhiteElo "1740"]
[BlackElo "1907"]
[PlyCount "65"]
[EventDate "2011.??.??"]

1. d4 d6 2. Nf3 g6 3. e4 Bg7 4. Be3 Nd7 5. Bd3 Ngf6 6. Nc3 O-O 7. Qd2 Ng4 8.
Bg5 h6 9. Bh4 Kh7 10. h3 Ngf6 11. g4 e5 12. dxe5 Nxe5 13. Nxe5 dxe5 14. O-O-O
g5 15. Bg3 Ng8 16. f3 Be6 17. Kb1 c6 18. h4 gxh4 19. Bxh4 f6 20. Qh2 Qe7 21.
Bf2 Qf7 22. Be3 b5 23. a3 a5 24. b3 b4 25. axb4 axb4 26. Na2 Qe7 27. Qf2 Ra5
28. Bb6 Rfa8 29. Bxa5 Rxa5 30. Qb6 Ra3 31. Nxb4 Bxb3 32. Kb2 Ra4 33. Kxb3 1-0

[Event "Gold-Cup 2011"]
[Site "Meran"]
[Date "2011.05.03"]
[Round "5.16"]
[White "Schulz, Hermann"]
[Black "Thonig, Manfred"]
[Result "1/2-1/2"]
[WhiteElo "1811"]
[BlackElo "1664"]
[PlyCount "56"]
[EventDate "2011.??.??"]

1. e4 g6 2. d4 Bg7 3. Nf3 d6 4. Bc4 e6 5. Nc3 Nd7 6. O-O Ne7 7. Be3 b6 8. Qd2
h6 9. Rad1 Bb7 10. Rfe1 Nf6 11. Bf4 a6 12. h3 Nh5 13. Bh2 Qd7 14. Qe2 O-O 15.
e5 d5 16. Bd3 Bh8 17. g4 Ng7 18. Qd2 Kh7 19. Bf4 Ng8 20. Kh2 c5 21. b3 c4 22.
bxc4 dxc4 23. Be4 Bxe4 24. Nxe4 Qe7 25. Nfg5+ hxg5 26. Nxg5+ Kh6 27. Nxe6+ Kh7
28. Ng5+ Kh6 1/2-1/2

[Event "Gold-Cup 2011"]
[Site "Meran"]
[Date "2011.05.05"]
[Round "6.1"]
[White "Reinke, Kurt"]
[Black "Harsch, Martin"]
[Result "0-1"]
[WhiteElo "1940"]
[BlackElo "2042"]
[PlyCount "86"]
[EventDate "2011.??.??"]

1. d4 d5 2. c4 c6 3. Nf3 Nf6 4. Nc3 a6 5. c5 Nbd7 6. Bf4 Nh5 7. Bg5 h6 8. Bh4
g5 9. Bg3 Nxg3 10. hxg3 Bg7 11. e3 e5 12. Be2 Qe7 13. O-O O-O 14. e4 dxe4 15.
Nxe4 exd4 16. Qc2 Rd8 17. Bd3 Nf8 18. Nd6 Be6 19. Rfe1 Qc7 20. Qe2 Rxd6 21.
cxd6 Qxd6 22. b3 a5 23. Nd2 Qb4 24. a3 Qc5 25. f4 Nd7 26. Ne4 Qd5 27. b4 Nf6
28. Nxf6+ Bxf6 29. Qh5 Kg7 30. f5 Bxf5 31. Bxf5 Qxf5 32. Rf1 Qg6 33. Qg4 axb4
34. axb4 Rxa1 35. Rxa1 Qd3 36. Re1 Qc3 37. Re8 d3 38. Qc8 Bd4+ 39. Kh2 Kg6 40.
Rg8+ Bg7 41. Qe8 Qd4 42. Qc8 d2 43. g4 Qf4+ 0-1

[Event "Gold-Cup 2011"]
[Site "Meran"]
[Date "2011.05.05"]
[Round "6.3"]
[White "Opitz, Christian"]
[Black "Marek, Herbert"]
[Result "1-0"]
[WhiteElo "2007"]
[BlackElo "1919"]
[PlyCount "69"]
[EventDate "2011.??.??"]

1. e4 c5 2. Nf3 e6 3. d4 cxd4 4. Nxd4 a6 5. c4 Nf6 6. Bd3 Nc6 7. Be3 Ne5 8. O-O
Nxd3 9. Qxd3 Qc7 10. f3 Bd6 11. f4 Ng4 12. e5 Bc5 13. Bd2 d6 14. exd6 Qxd6 15.
Bc3 Nf6 16. Nd2 Bd7 17. N2f3 Bc6 18. Ne5 Be4 19. Qd2 Rd8 20. Rad1 O-O 21. b4
Ba7 22. Kh1 Qc7 23. Qe2 b5 24. c5 Bd5 25. a4 Ne4 26. Bb2 bxa4 27. Qxa6 Ra8 28.
Qd3 g5 29. Nb5 Qb8 30. Nd7 Qb7 31. Nxf8 Bxc5 32. bxc5 Nxc5 33. Qxh7+ Kxf8 34.
Qg7+ Ke8 35. Nd6+ 1-0

[Event "Gold-Cup 2011"]
[Site "Meran"]
[Date "2011.05.05"]
[Round "6.5"]
[White "Bondick, Karl-Heinz"]
[Black "Graf, Joachim"]
[Result "1-0"]
[WhiteElo "2155"]
[BlackElo "2103"]
[PlyCount "73"]
[EventDate "2011.??.??"]

1. d4 c5 2. d5 e5 3. e4 d6 4. Nf3 g6 5. Nc3 Bg7 6. Be2 Nh6 7. Bg5 f6 8. Bh4 b6
9. Bb5+ Bd7 10. Bd3 O-O 11. Nd2 Nf7 12. f3 Qc8 13. Qe2 Qb7 14. a4 a6 15. Ra3
Bc8 16. Nc4 Qc7 17. Rb3 Nd7 18. O-O Bb7 19. g4 Rfb8 20. Be1 Bc8 21. h4 Nf8 22.
Bd2 Qd8 23. Rf2 Bd7 24. Na3 Bc8 25. Rg2 h6 26. Be3 Kh7 27. Qd2 Bd7 28. f4 Qe7
29. f5 Qe8 30. g5 Bxa4 31. Nxa4 Qxa4 32. fxg6+ Nxg6 33. Qf2 Qd7 34. gxf6 Bh8
35. h5 Nf4 36. Qxf4 exf4 37. e5+ 1-0

[Event "Gold-Cup 2011"]
[Site "Meran"]
[Date "2011.05.05"]
[Round "6.12"]
[White "Goldie, Thomas"]
[Black "Stratmann, Dietrich"]
[Result "0-1"]
[WhiteElo "1486"]
[BlackElo "1740"]
[PlyCount "66"]
[EventDate "2011.??.??"]

1. e4 e5 2. Nf3 Nf6 3. Nxe5 d6 4. Nf3 Nxe4 5. d4 d5 6. Bd3 Bd6 7. O-O O-O 8.
Nc3 Nxc3 9. bxc3 h6 10. Re1 Re8 11. Be3 Be6 12. Qd2 Qf6 13. Kh1 Nd7 14. h3 Bxh3
15. Ng5 Bf5 16. Bxf5 Qxf5 17. Nf3 Qh5+ 18. Kg1 Nf6 19. Bf4 Ne4 20. Qc1 Bxf4 21.
Qxf4 Nd6 22. Ne5 Qf5 23. Qxf5 Nxf5 24. Rab1 Nd6 25. Kh2 f6 26. Ng4 Rxe1 27.
Rxe1 Re8 28. Rxe8+ Nxe8 29. Ne3 c6 30. Kg3 Nd6 31. f3 g6 32. Kf4 h5 33. Nf1 Nb5
0-1

[Event "Gold-Cup 2011"]
[Site "Meran"]
[Date "2011.05.06"]
[Round "7.1"]
[White "Harsch, Martin"]
[Black "Opitz, Christian"]
[Result "1/2-1/2"]
[WhiteElo "2042"]
[BlackElo "2007"]
[PlyCount "39"]
[EventDate "2011.??.??"]

1. e4 e5 2. Nf3 Nc6 3. Bb5 a6 4. Bxc6 dxc6 5. O-O Bg4 6. h3 Bxf3 7. Qxf3 Qf6 8.
Qxf6 Nxf6 9. d3 Bc5 10. Nd2 O-O 11. Nc4 Rfe8 12. Be3 Bxe3 13. Nxe3 Rad8 14. f4
exf4 15. Rxf4 Nd7 16. Raf1 f6 17. g4 Nc5 18. Nf5 Ne6 19. R4f2 c5 20. b3 1/2-1/2

[Event "Gold-Cup 2011"]
[Site "Meran"]
[Date "2011.05.06"]
[Round "7.11"]
[White "Buchäckert, Jürgen"]
[Black "Thonig, Manfred"]
[Result "1-0"]
[WhiteElo "2002"]
[BlackElo "1664"]
[PlyCount "29"]
[EventDate "2011.??.??"]

1. e4 e5 2. d4 exd4 3. Qxd4 Nc6 4. Qe3 Bb4+ 5. Nc3 Qf6 6. Bd2 Ba5 7. f4 Bb6 8.
Qg3 Nd4 9. O-O-O c6 10. Bd3 d6 11. e5 dxe5 12. fxe5 Qe6 13. Qxg7 Qg4 14. Qxh8
Qxg2 15. Bxh7 1-0

[Event "Gold-Cup 2011"]
[Site "Meran"]
[Date "2011.05.06"]
[Round "7.12"]
[White "Meul, Willi"]
[Black "Weber, Gerhard"]
[Result "1-0"]
[WhiteElo "1911"]
[BlackElo "1907"]
[PlyCount "35"]
[EventDate "2011.??.??"]

1. d4 g6 2. c4 Bg7 3. e4 d6 4. Be3 Nf6 5. f3 Nbd7 6. Nc3 e5 7. Nge2 exd4 8.
Nxd4 O-O 9. Qd2 b6 10. Be2 Bb7 11. O-O Qe7 12. Nd5 Nxd5 13. cxd5 Rfe8 14. Rac1
Nc5 15. b4 Nxe4 16. fxe4 Qxe4 17. Bf2 Re7 18. Bf3 1-0

[Event "Gold-Cup 2011"]
[Site "Meran"]
[Date "2011.05.06"]
[Round "7.15"]
[White "Tallafuss, Werner"]
[Black "Goldie, Thomas"]
[Result "1/2-1/2"]
[WhiteElo "1562"]
[BlackElo "1486"]
[PlyCount "43"]
[EventDate "2011.??.??"]

1. d4 d5 2. c4 e6 3. Nc3 Nf6 4. Nf3 Be7 5. Bf4 c5 6. cxd5 Nxd5 7. Nxd5 Qxd5 8.
Rc1 Qxa2 9. dxc5 Qxb2 10. Bd6 Qb4+ 11. Nd2 Bxd6 12. cxd6 Bd7 13. Qb3 Qxb3 14.
Nxb3 Nc6 15. Nc5 b6 16. Na6 O-O 17. e3 Rfc8 18. Nc7 Rab8 19. g3 f6 20. Ba6 Rd8
21. Ke2 Ne5 22. Rhd1 1/2-1/2

[Event "Gold-Cup 2011"]
[Site "Meran"]
[Date "2011.05.07"]
[Round "8.1"]
[White "Gerhards, Walter"]
[Black "Harsch, Martin"]
[Result "0-1"]
[WhiteElo "1993"]
[BlackElo "2042"]
[PlyCount "90"]
[EventDate "2011.??.??"]

1. e4 c6 2. d3 d5 3. Nd2 Qc7 4. Ngf3 Bg4 5. h3 Bh5 6. e5 e6 7. Be2 c5 8. c3 Ne7
9. d4 Nec6 10. Nf1 Bxf3 11. Bxf3 Nd7 12. Ng3 cxd4 13. cxd4 Bb4+ 14. Bd2 Nxd4
15. O-O Nxf3+ 16. gxf3 Bxd2 17. Qxd2 O-O 18. f4 Rfc8 19. Kh2 g6 20. Rg1 Kh8 21.
h4 Qd8 22. h5 Rc4 23. hxg6 fxg6 24. Kg2 Rac8 25. Rh1 Rc2 26. Qe3 Qb6 27. Qf3
Rxb2 28. Rac1 Rcc2 29. Rxc2 Rxc2 30. Ne2 Qb4 31. Ng3 Qd4 32. Re1 Rc4 33. Qg4
Nf8 34. Ne2 Qe4+ 35. f3 Qf5 36. Qh4 g5 37. Qf2 b6 38. fxg5 Qxg5+ 39. Ng3 Ng6
40. Kf1 Rc1 41. Rxc1 Qxc1+ 42. Kg2 Qf4 43. Qc2 Qc4 44. Qb2 b5 45. Ne2 Qxe2+ 0-1

[Event "Gold-Cup 2011"]
[Site "Meran"]
[Date "2011.05.07"]
[Round "8.3"]
[White "Opitz, Christian"]
[Black "Hapke, Ralf"]
[Result "1-0"]
[WhiteElo "2007"]
[BlackElo "1906"]
[PlyCount "69"]
[EventDate "2011.??.??"]

1. e4 d5 2. exd5 Nf6 3. d4 Bg4 4. Be2 Bxe2 5. Qxe2 Qxd5 6. Nf3 Nc6 7. c3 e6 8.
O-O Bd6 9. Re1 O-O-O 10. b4 Qh5 11. Nbd2 g5 12. Nc4 Rhg8 13. Nxd6+ cxd6 14. b5
Ne7 15. c4 Rg6 16. Ba3 Rh6 17. h3 Ng6 18. Bc1 Nf4 19. Bxf4 gxf4 20. Kf1 Rg8 21.
c5 Rxg2 22. cxd6 Rg8 23. Qc2+ Kb8 24. Qc7+ Ka8 25. Rac1 Qxh3+ 26. Ke2 e5 27.
Rh1 Qf5 28. Rxh6 Qe4+ 29. Kd2 Rb8 30. Rxf6 Qxf3 31. Rxf7 Qxf2+ 32. Kc3 Qxd4+
33. Kb3 Qd3+ 34. Kb4 a5+ 35. Qxa5# 1-0